Les buteurs de l'Italie au Championnat d'Europe de football 2000 - Statistiques

Statistiques générales
  • Ce quiz a été pris 16 fois
  • Le résultat moyen est 6 sur 9
Statistiques - réponses
Match Minute Buteur % Correct
Italie - Belgique 2-0 6' Francesco Totti
100%
Italie - Roumanie 2-0 33' Francesco Totti
100%
Italie - Suède 2-1 88' Alessandro Del Piero
93%
Turquie - Italie 1-2 70' Filippo Inzaghi
79%
Italie - Roumanie 2-0 43' Filippo Inzaghi
79%
France - Italie 2-1 (a.p.) 55' Marco Delvecchio
64%
Turquie - Italie 1-2 52' Antonio Conte
36%
Italie - Belgique 2-0 66' Stefano Fiore
29%
Italie - Suède 2-1 39' Luigi Di Biagio
21%
Aucun quiz correspondant
Distribution des résultats
% des personnes avec chaque résultat
Percentile par nombre de réponses
Votre historique - résultats
Vous n’avez pas pris ce quiz